书目信息 |
| 题名: |
建筑设备工程
|
|
| 作者: | 赵兴忠 主编 | |
| 分册: | ||
| 出版信息: | 北京 科学出版社 2002.09 |
|
| 页数: | 268页 | |
| 开本: | 23cm | |
| 丛书名: | ||
| 单 册: | ||
| 中图分类: | TU8 | |
| 科图分类: | ||
| 主题词: | 房屋建筑设备 | |
| 电子资源: | ||
| ISBN: | 7-03-010230-4 | |
| 000 | 00550nam0 2200193 45 | |
| 001 | 0355876433 | |
| 005 | 2003010715311643 | |
| 010 | @a7-03-010230-4@dRMB 25.00 | |
| 100 | @a20030107d2002 km y0chiy0120 ea | |
| 101 | 0 | @achi |
| 102 | @aCN@b110000 | |
| 200 | 1 | @a建筑设备工程@Ajian zhu she bei gong cheng@f赵兴忠主编@Fzhao xing zhong zhu bian |
| 210 | @a北京@c科学出版社@d2002.09 | |
| 215 | @a268页@d23cm | |
| 606 | 0 | @a房屋建筑设备 |
| 690 | @aTU8@v3 | |
| 701 | 0 | @a赵兴忠@Azhao xing zhong@4主编 |
| 801 | 0 | @aCN@bPFT@c20030107 |
| 905 | @a10447@dTU8@eZ330 | |
| 建筑设备工程/赵兴忠主编.-北京:科学出版社,2002.09 |
| 268页;23cm |
| ISBN 7-03-010230-4:RMB 25.00 |
| ● |
| 相关链接 |
|
|
|
正题名:建筑设备工程
索取号:TU8/Z330
 
预约/预借
| 序号 | 登录号 | 条形码 | 馆藏地/架位号 | 状态 | 备注 |
| 1 | 369223 | 203692236 | 建筑库201/201建筑库 49排1列5层/ [索取号:TU8/Z330] | 在馆 | |
| 2 | 369224 | 203692245 | 建筑库201/201建筑库 49排1列5层/ [索取号:TU8/Z330] | 在馆 | |
| 3 | 369225 | 203692254 | 建筑库201/201建筑库 49排1列5层/ [索取号:TU8/Z330] | 在馆 |